<?xml version="1.0" encoding="UTF-8"?>
<record
    xmlns:xsi="http://www.w3.org/2001/XMLSchema-instance"
    xsi:schemaLocation="http://www.loc.gov/MARC21/slim http://www.loc.gov/standards/marcxml/schema/MARC21slim.xsd"
    xmlns="http://www.loc.gov/MARC21/slim">

  <leader>03005cam a2200337 i 4500</leader>
  <controlfield tag="001">10414232</controlfield>
  <controlfield tag="003">CaAEU</controlfield>
  <controlfield tag="005">20250312151721.0</controlfield>
  <controlfield tag="008">230511t20232023enka     b    001 0 eng  </controlfield>
  <datafield tag="010" ind1=" " ind2=" ">
    <subfield code="a">  2023020753</subfield>
  </datafield>
  <datafield tag="015" ind1=" " ind2=" ">
    <subfield code="a">GBC3F4740</subfield>
    <subfield code="2">bnb</subfield>
  </datafield>
  <datafield tag="016" ind1="7" ind2=" ">
    <subfield code="a">021176224</subfield>
    <subfield code="2">Uk</subfield>
  </datafield>
  <datafield tag="020" ind1=" " ind2=" ">
    <subfield code="a">9781788730068</subfield>
    <subfield code="q">(paperback)</subfield>
  </datafield>
  <datafield tag="035" ind1=" " ind2=" ">
    <subfield code="a">on1353949626</subfield>
  </datafield>
  <datafield tag="040" ind1=" " ind2=" ">
    <subfield code="a">DLC</subfield>
    <subfield code="b">eng</subfield>
    <subfield code="e">rda</subfield>
    <subfield code="c">DLC</subfield>
    <subfield code="d">OCLCF</subfield>
    <subfield code="d">UKMGB</subfield>
    <subfield code="d">YDX</subfield>
    <subfield code="d">PZX</subfield>
    <subfield code="d">OCLCO</subfield>
    <subfield code="d">SFB</subfield>
    <subfield code="d">VRA</subfield>
    <subfield code="d">PMC</subfield>
    <subfield code="d">UIU</subfield>
  </datafield>
  <datafield tag="042" ind1=" " ind2=" ">
    <subfield code="a">pcc</subfield>
  </datafield>
  <datafield tag="050" ind1="0" ind2="0">
    <subfield code="a">HC79.A9</subfield>
    <subfield code="b">P37 2023</subfield>
  </datafield>
  <datafield tag="100" ind1=" " ind2=" ">
    <subfield code="a">Pasquinelli, Matteo,</subfield>
    <subfield code="e">author.</subfield>
    <subfield code="9">24909</subfield>
  </datafield>
  <datafield tag="245" ind1="1" ind2="4">
    <subfield code="a">The eye of the master </subfield>
    <subfield code="b">: a social history of artificial intelligence </subfield>
    <subfield code="c">/ Matteo Pasquinelli.</subfield>
  </datafield>
  <datafield tag="264" ind1=" " ind2="1">
    <subfield code="a">London ;</subfield>
    <subfield code="a">New York :</subfield>
    <subfield code="b">Verso,</subfield>
    <subfield code="c">2023.</subfield>
  </datafield>
  <datafield tag="264" ind1=" " ind2="4">
    <subfield code="c">&#xA9;2023</subfield>
  </datafield>
  <datafield tag="300" ind1=" " ind2=" ">
    <subfield code="a">viii, 264 pages :</subfield>
    <subfield code="b">illustrations ;</subfield>
    <subfield code="c">24 cm</subfield>
  </datafield>
  <datafield tag="504" ind1=" " ind2=" ">
    <subfield code="a">Includes bibliographical references and index.</subfield>
  </datafield>
  <datafield tag="505" ind1="0" ind2=" ">
    <subfield code="a">Introduction: AI as Division of Labour &#x2014;
The Material Tools of Algorithmic Thinking &#x2014;

Part I: The Industrial Age &#x2014;
Babbage and the Mechanisation of Mental Labour &#x2014;
The Machinery Question &#x2014;
The Origins of Marx's General Intellect &#x2014;
The Abstraction of Labour &#x2014;

Part II: The Information Age &#x2014;
The Self-Organisation of the Cybernetic Mind &#x2014;
The Automation of Pattern Recognition &#x2014;
Hayek and the Epistemology of Connectionism &#x2014;
The Invention of the Perceptron &#x2014;
Conclusion: The Automation of General Intelligence</subfield>
  </datafield>
  <datafield tag="520" ind1=" " ind2=" ">
    <subfield code="a">A social history of AI that finally reveals its roots in the spatial computation of industrial factories and the surveillance of collective behaviour.

What is AI? A dominant view describes it as the quest &#x201C;to solve intelligence,&#x201D; a solution supposedly to be found in the secret logic of the mind or in the deep physiology of the brain, such as in its complex neural networks.

The Eye of the Master argues, to the contrary, that the inner code of AI is shaped not by the imitation of biological intelligence, but the intelligence of labour and social relations, as it is found in Babbage&#x2019;s &#x201C;calculating engines&#x201D; of the industrial age as well as in the recent algorithms for image recognition and surveillance.

The idea that AI may one day become autonomous (or &#x201C;sentient&#x201D;, as someone thought of Google&#x2019;s LaMDA) is pure fantasy. Computer algorithms have always imitated the form of social relations and the organisation of labour in their own inner structure and their purpose remains blind automation.

The Eye of the Master urges a new literacy on AI for scientists, journalists and new generations of activists, who should recognise that the &#x201C;mystery&#x201D; of AI is just the automation of labour at the highest degree, not intelligence per se.</subfield>
    <subfield code="c">Provided by publisher.</subfield>
  </datafield>
  <datafield tag="650" ind1=" " ind2="0">
    <subfield code="a">TECHNOLOGY Automation</subfield>
    <subfield code="x">Social aspects</subfield>
    <subfield code="x">History.</subfield>
  </datafield>
  <datafield tag="650" ind1=" " ind2="0">
    <subfield code="a">Machinery in the workplace</subfield>
    <subfield code="x">Social aspects</subfield>
    <subfield code="x">History.</subfield>
  </datafield>
  <datafield tag="650" ind1=" " ind2="0">
    <subfield code="a">Artificial Intelligence</subfield>
    <subfield code="x">Social aspects</subfield>
    <subfield code="x">History.</subfield>
  </datafield>
  <datafield tag="650" ind1=" " ind2="0">
    <subfield code="a">Employees</subfield>
    <subfield code="x">Effect of technological innovations on</subfield>
    <subfield code="x">History.</subfield>
  </datafield>
  <datafield tag="942" ind1=" " ind2=" ">
    <subfield code="2">lcc</subfield>
  </datafield>
  <datafield tag="952" ind1=" " ind2=" ">
    <subfield code="0">0</subfield>
    <subfield code="1">0</subfield>
    <subfield code="2">lcc</subfield>
    <subfield code="4">0</subfield>
    <subfield code="7">0</subfield>
    <subfield code="a">TBS</subfield>
    <subfield code="b">TBS</subfield>
    <subfield code="d">2025-03-12</subfield>
    <subfield code="l">0</subfield>
    <subfield code="o">HC79.A9 PAS</subfield>
    <subfield code="p">B07507</subfield>
    <subfield code="r">2025-03-12</subfield>
    <subfield code="t">1</subfield>
    <subfield code="w">2025-03-12</subfield>
    <subfield code="y">1</subfield>
  </datafield>
  <datafield tag="999" ind1=" " ind2=" ">
    <subfield code="c">4538</subfield>
    <subfield code="d">4538</subfield>
  </datafield>
</record>
